[Event "DSM WK M 2015"]
[Site "Karlsruhe GER"]
[Date "2015.05.08"]
[Round "1"]
[White "Bykov, Ilona"]
[Black "Krein, Jana"]
[Result "0-1"]
[Termination "normal"]
[Board "1.1"]
[WhiteElo "1363"]
[BlackElo "1576"]
[WhiteTeam "Kant-Gymnasium Karlsruhe"]
[BlackTeam "Auguste-Viktoria-Gymnasium Trier"]
[PlyCount "92"]
[WhiteFideId "12964433"]
[BlackFideId "12937762"]
[EventCountry "GER"]
[EventRounds "7"]
[EventType "team-swiss"]
[EventDate "2015.05.07"]

1. e4 e5 2. Nf3 Nc6 3. Bb5 Bc5 4. O-O Nge7 5. c3 O-O 6. d4 exd4 7. cxd4 Bb6 8.
Bg5 f6 9. Bf4 d6 10. Nc3 Bg4 11. Re1 Nxd4 12. Kh1 Nxb5 13. Nxb5 Bxf2 14. Rf1
Bb6 15. Rc1 Nc6 16. Qd3 Be6 17. Rfd1 Nb4 18. Qd2 Nxa2 19. Ra1 Bc5 20. Nc3 Nxc3
21. Qxc3 Qd7 22. Nd4 Bf7 23. b4 Bb6 24. Rd2 Qg4 25. Bg3 Qxe4 26. Re1 Qg4 27.
Rf1 Rfe8 28. h3 Qd7 29. Bf2 Re4 30. Nf3 Qb5 31. Rfd1 Rae8 32. Rb2 Rc4 33. Qd3
Bxf2 34. Rxf2 Qxb4 35. Kh2 a5 36. Ra1 a4 37. Nd2 Rd4 38. Qc2 c5 39. Nf3 Bb3 40.
Qc1 Rc4 41. Qb1 b5 42. Qf5 Rce4 43. Qd7 c4 44. Rb1 Qc5 45. Rff1 d5 46. Nd2 R4e7
0-1

[Event "DSM WK M 2015"]
[Site "Karlsruhe GER"]
[Date "2015.05.08"]
[Round "1"]
[White "Bach, Kira"]
[Black "Vu, Minh Anh"]
[Result "1-0"]
[Termination "normal"]
[Board "1.2"]
[WhiteElo "1536"]
[BlackElo "800"]
[WhiteTeam "Auguste-Viktoria-Gymnasium Trier"]
[BlackTeam "Kant-Gymnasium Karlsruhe"]
[PlyCount "59"]
[WhiteFideId "12907677"]
[BlackFideId "16235304"]
[EventCountry "GER"]
[EventRounds "7"]
[EventType "team-swiss"]
[EventDate "2015.05.07"]

1. e4 e5 2. Nf3 Nc6 3. Bb5 Nf6 4. O-O Bc5 5. Nxe5 Nxe5 6. d4 Bd6 7. dxe5 Bxe5
8. f4 a6 9. fxe5 axb5 10. exf6 gxf6 11. Qf3 d6 12. Qxf6 Qxf6 13. Rxf6 Ke7 14.
Rf3 Bg4 15. Bg5+ f6 16. Bxf6+ Kf7 17. Bxh8+ Bxf3 18. gxf3 Rg8+ 19. Kf2 Rxh8 20.
Nc3 b4 21. Nd5 c6 22. Nxb4 h5 23. Rd1 Ke6 24. Nd3 d5 25. exd5+ cxd5 26. Nf4+
Ke5 27. Ng6+ Kf5 28. Nxh8 Kf4 29. Rxd5 h4 30. Ng6# 1-0

[Event "DSM WK M 2015"]
[Site "Karlsruhe GER"]
[Date "2015.05.08"]
[Round "1"]
[White "Grining, Maria"]
[Black "Kim, Yu-Mi"]
[Result "0-1"]
[Termination "normal"]
[Board "1.3"]
[WhiteElo "800"]
[BlackElo "1304"]
[WhiteTeam "Kant-Gymnasium Karlsruhe"]
[BlackTeam "Auguste-Viktoria-Gymnasium Trier"]
[PlyCount "36"]
[WhiteFideId "16235037"]
[BlackFideId "12955361"]
[EventCountry "GER"]
[EventRounds "7"]
[EventType "team-swiss"]
[EventDate "2015.05.07"]

1. e4 e5 2. Nf3 Nc6 3. Nc3 Bc5 4. Bc4 Nf6 5. d3 h6 6. h3 O-O 7. Bd2 d6 8. O-O
Be6 9. Bxe6 fxe6 10. a3 Nh7 11. Be3 Nd4 12. b4 Nxf3+ 13. gxf3 Bxe3 14. fxe3
Qg5+ 15. Kf2 Qh4+ 16. Kg2 Ng5 17. Qe1 Qxh3+ 18. Kf2 Qh2# 0-1

[Event "DSM WK M 2015"]
[Site "Karlsruhe GER"]
[Date "2015.05.08"]
[Round "1"]
[White "Mertes, Kathrin"]
[Black "Nast, Lara"]
[Result "1-0"]
[Termination "normal"]
[Board "1.4"]
[WhiteElo "1225"]
[BlackElo "800"]
[WhiteTeam "Auguste-Viktoria-Gymnasium Trier"]
[BlackTeam "Kant-Gymnasium Karlsruhe"]
[PlyCount "67"]
[BlackFideId "16259831"]
[EventCountry "GER"]
[EventRounds "7"]
[EventType "team-swiss"]
[EventDate "2015.05.07"]

1. e4 e5 2. Nf3 Nc6 3. Bc4 Nf6 4. Ng5 h6 5. Nxf7 Qe7 6. Nxh8 Nxe4 7. d3 Nf6 8.
O-O d6 9. b3 Bg4 10. f3 Be6 11. Ng6 Qf7 12. Nxf8 Bxc4 13. dxc4 Qxf8 14. Bb2 Qe7
15. Re1 O-O-O 16. f4 g5 17. fxg5 hxg5 18. Nc3 g4 19. Rf1 Rg8 20. Nd5 Nxd5 21.
Qxd5 Nb4 22. Qxg8+ Qd8 23. Rf8 Nc6 24. Rxd8+ Nxd8 25. Qxg4+ Kb8 26. Qd7 b6 27.
Qxd8+ Kb7 28. b4 c5 29. b5 a6 30. Qxd6 axb5 31. cxb5 e4 32. Rf1 e3 33. Rf7+ Kc8
34. Qf8# 1-0

[Event "DSM WK M 2015"]
[Site "Karlsruhe GER"]
[Date "2015.05.08"]
[Round "1"]
[White "Riegel, Arinna"]
[Black "Shevchenko, Alyona"]
[Result "1-0"]
[Termination "normal"]
[Board "2.1"]
[WhiteElo "1640"]
[BlackElo "941"]
[WhiteTeam "Deutschorden-Gymnasium Bad Mergentheim"]
[BlackTeam "Goethe-Gymnasium Karlsruhe"]
[PlyCount "89"]
[WhiteFideId "12931446"]
[BlackFideId "12983420"]
[EventCountry "GER"]
[EventRounds "7"]
[EventType "team-swiss"]
[EventDate "2015.05.07"]

1. e4 e5 2. Nf3 Nc6 3. d4 Nf6 4. d5 Ne7 5. Bd3 c6 6. dxc6 Nxc6 7. Nc3 d5 8.
exd5 Nxd5 9. Nxd5 Qxd5 10. Qe2 Bc5 11. Be4 Qd6 12. Bxc6+ bxc6 13. Qxe5+ Qxe5+
14. Nxe5 Bb7 15. O-O O-O 16. Nd7 Ba6 17. Nxc5 Bxf1 18. Kxf1 Rfe8 19. Be3 Rab8
20. b3 Rb5 21. Nd3 Rf5 22. Bxa7 Re7 23. Bc5 Rd7 24. a4 Rxd3 25. cxd3 Rxc5 26.
Ke2 Rc2+ 27. Ke3 Kf8 28. a5 Rc5 29. a6 Re5+ 30. Kd4 Re8 31. a7 Ra8 32. Kc5 Rc8
33. a8=Q Rxa8 34. Rxa8+ Ke7 35. Kxc6 Ke6 36. b4 Kf5 37. b5 Ke5 38. b6 Kd4 39.
b7 Kxd3 40. b8=Q Ke2 41. Qe5+ Kd2 42. Qe3+ Kc2 43. Ra2+ Kb1 44. Qb3+ Kc1 45.
Qc2# 1-0

[Event "DSM WK M 2015"]
[Site "Karlsruhe GER"]
[Date "2015.05.08"]
[Round "1"]
[White "Platonova, Elisaveta"]
[Black "Brunkardt, Elena"]
[Result "0-1"]
[Termination "normal"]
[Board "2.2"]
[WhiteElo "911"]
[BlackElo "1474"]
[WhiteTeam "Goethe-Gymnasium Karlsruhe"]
[BlackTeam "Deutschorden-Gymnasium Bad Mergentheim"]
[PlyCount "68"]
[WhiteFideId "16200349"]
[BlackFideId "16208838"]
[EventCountry "GER"]
[EventRounds "7"]
[EventType "team-swiss"]
[EventDate "2015.05.07"]

1. e4 d5 2. exd5 Qxd5 3. Nc3 Qd6 4. Nf3 Nf6 5. Bc4 c6 6. a4 Bg4 7. O-O e6 8. b3
Nbd7 9. Be2 Qc7 10. d4 Bd6 11. g3 O-O 12. Be3 Nd5 13. Nxd5 cxd5 14. c4 Nf6 15.
c5 Be7 16. Ne5 Bxe2 17. Qxe2 a5 18. Rab1 Ne4 19. Qd3 Nxc5 20. dxc5 Qxe5 21. Bf4
Qf6 22. Qb5 e5 23. Bd2 Qc6 24. Qxc6 bxc6 25. Rbc1 f5 26. Rfe1 e4 27. f3 h6 28.
fxe4 fxe4 29. Be3 Rf3 30. Rb1 Raf8 31. b4 axb4 32. Rxb4 Rxe3 33. Rxe3 Bxc5 34.
Rbb3 Rf3 0-1

[Event "DSM WK M 2015"]
[Site "Karlsruhe GER"]
[Date "2015.05.08"]
[Round "1"]
[White "Youness, Fatima"]
[Black "Ketterer, Beatrice"]
[Result "1-0"]
[Termination "normal"]
[Board "2.3"]
[WhiteElo "1369"]
[BlackElo "861"]
[WhiteTeam "Deutschorden-Gymnasium Bad Mergentheim"]
[BlackTeam "Goethe-Gymnasium Karlsruhe"]
[PlyCount "33"]
[WhiteFideId "16214404"]
[BlackFideId "12983411"]
[EventCountry "GER"]
[EventRounds "7"]
[EventType "team-swiss"]
[EventDate "2015.05.07"]

1. e4 e5 2. Nf3 Nc6 3. d4 Bb4+ 4. c3 Bd6 5. d5 Nce7 6. c4 Nf6 7. Bd3 O-O 8. Bg5
Nh5 9. g3 Bc5 10. a3 Bd4 11. Nxd4 exd4 12. Qxh5 d6 13. Qh4 Re8 14. e5 dxe5 15.
Bxe7 Rxe7 16. Qxh7+ Kf8 17. Qh8# 1-0

[Event "DSM WK M 2015"]
[Site "Karlsruhe GER"]
[Date "2015.05.08"]
[Round "1"]
[White "Kiefhaber, Marlene"]
[Black "Nguyen, Misa"]
[Result "1-0"]
[Termination "normal"]
[Board "2.4"]
[WhiteElo "839"]
[BlackElo "800"]
[WhiteTeam "Goethe-Gymnasium Karlsruhe"]
[BlackTeam "Deutschorden-Gymnasium Bad Mergentheim"]
[PlyCount "67"]
[EventCountry "GER"]
[EventRounds "7"]
[EventType "team-swiss"]
[EventDate "2015.05.07"]

1. e4 e5 2. Nf3 Nf6 3. d4 d6 4. dxe5 dxe5 5. Qxd8+ Kxd8 6. Nxe5 Bd6 7. Nxf7+
Ke8 8. Nxh8 c5 9. Bb5+ Ke7 10. Bg5 h6 11. Bxf6+ gxf6 12. Ng6+ Ke6 13. Nd2 Nc6
14. Bc4+ Kd7 15. O-O Nd4 16. Rae1 a6 17. e5 fxe5 18. Re3 h5 19. Rh3 a5 20. Rxh5
Nxc2 21. Rh7+ Kc6 22. Rc1 Ra6 23. Bxa6 bxa6 24. Rxc2 Bd7 25. Ne7+ Kc7 26. Rc3
a4 27. Nd5+ Kb7 28. Rxd7+ Ka8 29. Nb6+ Kb8 30. Rh3 Bc7 31. Rh6 Bxb6 32. Rxb6+
Kc8 33. Rh7 Kd8 34. Rb8# 1-0

[Event "DSM WK M 2015"]
[Site "Karlsruhe GER"]
[Date "2015.05.08"]
[Round "1"]
[White "Möller, Hannah"]
[Black "Kail, Sindy"]
[Result "1/2-1/2"]
[Termination "normal"]
[Board "3.1"]
[WhiteElo "1485"]
[BlackElo "1528"]
[WhiteTeam "Franziskusgymnasium Lingen"]
[BlackTeam "Maria-Ward-Schule Aschaffenburg"]
[PlyCount "112"]
[WhiteFideId "1270514"]
[BlackFideId "12988502"]
[EventCountry "GER"]
[EventRounds "7"]
[EventType "team-swiss"]
[EventDate "2015.05.07"]

1. c4 c5 2. g3 g6 3. Bg2 Bg7 4. Nc3 Nc6 5. e3 e6 6. Nge2 Nge7 7. O-O O-O 8. d4
cxd4 9. exd4 d5 10. cxd5 Nxd5 11. Nxd5 exd5 12. h3 Qb6 13. Nf4 Qxd4 14. Qxd4
Nxd4 15. Nxd5 Ne2+ 16. Kh2 Kh8 17. Ne7 Rb8 18. Re1 Nxc1 19. Raxc1 Bxb2 20. Rb1
Bf6 21. Nxc8 Rfxc8 22. Rec1 b6 23. h4 Kg7 24. Bh3 Re8 25. Rc2 Re7 26. Rd1 Rbe8
27. Rdd2 Re4 28. Bg2 Rd4 29. Bc6 Red8 30. Re2 Rc8 31. Bf3 Rxc2 32. Rxc2 Be5 33.
Kg2 h6 34. Re2 Bd6 35. Bc6 Bb4 36. Be8 Rd2 37. Rxd2 Bxd2 38. f3 g5 39. hxg5
hxg5 40. Bd7 Kf6 41. Kf2 Ke5 42. g4 Kd4 43. a4 a6 44. Ke2 Bf4 45. Bc8 b5 46.
axb5 axb5 47. Bf5 Kc3 48. Kd1 b4 49. Be4 b3 50. Bd5 Kb2 51. Bxf7 Kc3 52. Bg6
Kd4 53. Ke2 Kc3 54. Kd1 Kd4 55. Ke2 Kc3 56. Kd1 Kd4 1/2-1/2

[Event "DSM WK M 2015"]
[Site "Karlsruhe GER"]
[Date "2015.05.08"]
[Round "1"]
[White "Damrich, Alina"]
[Black "Surmann, Imke"]
[Result "1-0"]
[Termination "normal"]
[Board "3.2"]
[WhiteElo "1470"]
[BlackElo "800"]
[WhiteTeam "Maria-Ward-Schule Aschaffenburg"]
[BlackTeam "Franziskusgymnasium Lingen"]
[PlyCount "45"]
[WhiteFideId "12964603"]
[EventCountry "GER"]
[EventRounds "7"]
[EventType "team-swiss"]
[EventDate "2015.05.07"]

1. e4 Nc6 2. Nf3 e6 3. d4 d6 4. Nc3 Nf6 5. Bg5 e5 6. dxe5 Be7 7. exf6 gxf6 8.
Be3 Be6 9. Bb5 Qd7 10. Nd4 Ne5 11. Bxd7+ Bxd7 12. Nd5 Bd8 13. Qh5 Bg4 14. Qh6
c6 15. Nxf6+ Bxf6 16. Qxf6 Rg8 17. Qxd6 Nc4 18. Qf6 Rg6 19. Qh8+ Kd7 20. Qxa8
Bh5 21. Qxb7+ Ke8 22. Nxc6 Rxg2 23. Qe7# 1-0

[Event "DSM WK M 2015"]
[Site "Karlsruhe GER"]
[Date "2015.05.08"]
[Round "1"]
[White "Schäfer, Leonie"]
[Black "Gentil, Verena"]
[Result "1-0"]
[Termination "normal"]
[Board "3.3"]
[WhiteElo "792"]
[BlackElo "935"]
[WhiteTeam "Franziskusgymnasium Lingen"]
[BlackTeam "Maria-Ward-Schule Aschaffenburg"]
[PlyCount "104"]
[WhiteFideId "16241851"]
[BlackFideId "12964611"]
[EventCountry "GER"]
[EventRounds "7"]
[EventType "team-swiss"]
[EventDate "2015.05.07"]

1. c4 e5 2. g3 Bc5 3. Nc3 Nf6 4. Bg2 Nc6 5. e3 d6 6. Nge2 Bg4 7. O-O O-O 8. d3
Bb4 9. Bd2 Bxc3 10. Bxc3 Qd7 11. Re1 Qf5 12. e4 Qh5 13. h4 a6 14. f3 Bxf3 15.
Bxf3 Qxf3 16. Rf1 Qe3+ 17. Rf2 Ng4 18. Be1 Nxf2 19. Bxf2 Qf3 20. b3 Nb4 21. a3
Nxd3 22. Qf1 Nxf2 23. Qxf2 Qxe4 24. Nc3 Qd4 25. Qxd4 exd4 26. Nd5 c6 27. Ne7+
Kh8 28. Rd1 Rae8 29. Nf5 d5 30. cxd5 cxd5 31. Rxd4 Re5 32. Nd6 f6 33. Nxb7 Rc8
34. Nd6 Re2 35. Nxc8 h6 36. Rxd5 Re3 37. Rd8+ Kh7 38. Kh2 Re2+ 39. Kh3 Re4 40.
Nd6 Re3 41. Kg2 Rxb3 42. a4 Rd3 43. Nf7 Ra3 44. Rd4 Kg6 45. Nh8+ Kh7 46. Nf7
Kg6 47. Nd6 a5 48. Nb7 Kh5 49. Nxa5 g5 50. hxg5 hxg5 51. Nc4 Rc3 52. Nb6 Ra3
1-0

[Event "DSM WK M 2015"]
[Site "Karlsruhe GER"]
[Date "2015.05.08"]
[Round "1"]
[White "Lay, Sophia"]
[Black "Koopmann, Jasmin"]
[Result "0-1"]
[Termination "normal"]
[Board "3.4"]
[WhiteElo "800"]
[BlackElo "800"]
[WhiteTeam "Maria-Ward-Schule Aschaffenburg"]
[BlackTeam "Franziskusgymnasium Lingen"]
[PlyCount "52"]
[EventCountry "GER"]
[EventRounds "7"]
[EventType "team-swiss"]
[EventDate "2015.05.07"]

1. e4 d6 2. Nc3 Nf6 3. Nf3 g6 4. Bc4 Bg7 5. d3 Nc6 6. Ng5 Bg4 7. Qd2 Nd4 8.
Nxf7 Qd7 9. Nxh8 Bxh8 10. O-O O-O-O 11. Qf4 Nxc2 12. Rb1 a6 13. Nd5 c6 14. Ne3
Bg7 15. Nxc2 Nh5 16. Qg5 Nf6 17. Ne3 Be2 18. Re1 h6 19. Qxg6 Bf8 20. Rxe2 d5
21. e5 Qe8 22. Qxe8 Rxe8 23. exf6 dxc4 24. dxc4 exf6 25. Ng4 Rxe2 26. Nxf6 Re1#
0-1

[Event "DSM WK M 2015"]
[Site "Karlsruhe GER"]
[Date "2015.05.08"]
[Round "1"]
[White "Kublanov, Carolin"]
[Black "Neumann, Tina"]
[Result "1-0"]
[Termination "normal"]
[Board "4.1"]
[WhiteElo "1408"]
[BlackElo "1284"]
[WhiteTeam "Humboldt-Gymnasium Düsseldorf"]
[BlackTeam "Veit-Ludwig-von-Seckendorff-Gymnasium Meuselwitz"]
[PlyCount "65"]
[WhiteFideId "12944548"]
[BlackFideId "16212371"]
[EventCountry "GER"]
[EventRounds "7"]
[EventType "team-swiss"]
[EventDate "2015.05.07"]

1. d4 d6 2. e4 g6 3. Nf3 Bg7 4. Be2 Nf6 5. Nc3 O-O 6. O-O b6 7. Bg5 Nbd7 8. Qd2
Re8 9. Bh6 Bh8 10. Ng5 Bb7 11. Bc4 e6 12. Qf4 Qe7 13. Qh4 Bg7 14. Bxg7 Kxg7 15.
Rae1 Rh8 16. f4 e5 17. Nxf7 h6 18. Nxh8 Rxh8 19. fxe5 dxe5 20. Nd5 Bxd5 21.
exd5 g5 22. Qg3 Re8 23. dxe5 Nxe5 24. Bb5 Rd8 25. Qxe5 Qxe5 26. Rxe5 Nxd5 27.
Rd1 Kf6 28. Rexd5 Rxd5 29. Rxd5 Ke6 30. c4 c5 31. Bd7+ Ke7 32. Bg4 Kf6 33. Rd6+
1-0

[Event "DSM WK M 2015"]
[Site "Karlsruhe GER"]
[Date "2015.05.08"]
[Round "1"]
[White "Meyer, Jessica"]
[Black "Kublanov, Elizabeth"]
[Result "1-0"]
[Termination "normal"]
[Board "4.2"]
[WhiteElo "1040"]
[BlackElo "1523"]
[WhiteTeam "Veit-Ludwig-von-Seckendorff-Gymnasium Meuselwitz"]
[BlackTeam "Humboldt-Gymnasium Düsseldorf"]
[PlyCount "115"]
[WhiteFideId "16230019"]
[BlackFideId "12944564"]
[EventCountry "GER"]
[EventRounds "7"]
[EventType "team-swiss"]
[EventDate "2015.05.07"]

1. e4 e5 2. Nf3 d6 3. d4 exd4 4. Nxd4 Nf6 5. Nc3 Be7 6. Be2 O-O 7. Be3 c5 8.
Nf3 Nc6 9. O-O Ng4 10. Bf4 Nge5 11. Nd5 Nxf3+ 12. Bxf3 Bf6 13. c3 Bg5 14. Qd2
f6 15. Rad1 Ne5 16. Be2 Bd7 17. Qc2 Bc6 18. Bg3 Qa5 19. f4 Bxf4 20. Bxf4 c4 21.
Bxe5 dxe5 22. Bxc4 Kh8 23. Rd2 Qc5+ 24. Kh1 Qxc4 25. Rfd1 h6 26. b3 Qc5 27. b4
Qc4 28. a3 Rad8 29. h3 Bxd5 30. exd5 f5 31. g3 f4 32. gxf4 exf4 33. d6 f3 34.
Kg1 Qh4 35. Rf2 Qg3+ 36. Kf1 Qxh3+ 37. Ke1 Rfe8+ 38. Kd2 Rxd6+ 39. Kc1 Rde6 40.
Qd2 Re2 41. Qd4 Rxf2 42. Qxf2 Re2 43. Qf1 Qxf1 44. Rxf1 f2 45. Kd1 Re1+ 46.
Rxe1 fxe1=Q+ 47. Kxe1 Kh7 48. Kf2 Kg6 49. Kg3 Kg5 50. c4 Kf5 51. c5 g5 52. b5
h5 53. c6 h4+ 54. Kh3 Ke6 55. cxb7 g4+ 56. Kxg4 h3 57. Kxh3 a6 58. b8=Q {...}
1-0

[Event "DSM WK M 2015"]
[Site "Karlsruhe GER"]
[Date "2015.05.08"]
[Round "1"]
[White "Berelowitsch, Dana"]
[Black "Wilmar, Anna"]
[Result "0-1"]
[Termination "normal"]
[Board "4.3"]
[WhiteElo "1473"]
[BlackElo "800"]
[WhiteTeam "Humboldt-Gymnasium Düsseldorf"]
[BlackTeam "Veit-Ludwig-von-Seckendorff-Gymnasium Meuselwitz"]
[PlyCount "121"]
[WhiteFideId "12977144"]
[EventCountry "GER"]
[EventRounds "7"]
[EventType "team-swiss"]
[EventDate "2015.05.07"]

1. e4 e5 2. Nf3 Nc6 3. Bb5 Nf6 4. Nc3 Bc5 5. O-O O-O 6. d3 a6 7. Ba4 h6 8. Qe2
d6 9. Be3 Nd4 10. Bxd4 Bxd4 11. Qd2 Bxc3 12. Qxc3 Bg4 13. Nd2 b5 14. Bb3 Re8
15. f3 Be6 16. Bxe6 Rxe6 17. d4 Nh5 18. Kh1 Qh4 19. Kg1 Qe7 20. Qe3 Nf4 21. g3
Nh3+ 22. Kg2 Ng5 23. Rae1 Re8 24. d5 Rf6 25. f4 exf4 26. Rxf4 Qe5 27. Rxf6 gxf6
28. h4 Nh7 29. Qc3 Qxc3 30. bxc3 f5 31. Kf2 Nf6 32. exf5 Rxe1 33. Kxe1 Nxd5 34.
c4 Ne3 35. cxb5 axb5 36. Ne4 Nxc2+ 37. Kd2 Nd4 38. f6 d5 39. Nc3 c6 40. Kd3 Nf5
41. Ne2 Kh7 42. h5 Kg8 43. g4 Nd6 44. Nd4 c5 45. Nc6 Ne4 46. Ne7+ Kf8 47. Nxd5
Nf2+ 48. Kc3 Nxg4 49. a3 Ne5 50. Nc7 b4+ 51. axb4 cxb4+ 52. Kxb4 Nd7 53. Nd5
Kg8 54. Kc4 Ne5+ 55. Kd4 Nf3+ 56. Ke4 Nd2+ 57. Kf5 Nf1 58. Ke5 Ng3 59. Nf4 Kf8
60. Kd4 Ke8 61. Ke3 0-1

[Event "DSM WK M 2015"]
[Site "Karlsruhe GER"]
[Date "2015.05.08"]
[Round "1"]
[White "Jubelt, Lea"]
[Black "Zhuk, Margarita"]
[Result "0-1"]
[Termination "normal"]
[Board "4.4"]
[WhiteElo "696"]
[BlackElo "800"]
[WhiteTeam "Veit-Ludwig-von-Seckendorff-Gymnasium Meuselwitz"]
[BlackTeam "Humboldt-Gymnasium Düsseldorf"]
[PlyCount "86"]
[EventCountry "GER"]
[EventRounds "7"]
[EventType "team-swiss"]
[EventDate "2015.05.07"]

1. e4 e5 2. Nf3 Nf6 3. d4 exd4 4. Nxd4 Nxe4 5. Bd3 d5 6. Nc3 Bb4 7. O-O Nxc3 8.
bxc3 Bxc3 9. Re1+ Bxe1 10. Qxe1+ Qe7 11. Qxe7+ Kxe7 12. c4 Nc6 13. cxd5 Nxd4
14. Ba3+ Kd8 15. Re1 Re8 16. Rd1 Bg4 17. Rf1 c6 18. f3 Bf5 19. Bc4 cxd5 20.
Bxd5 Kc7 21. g4 Rad8 22. Bc4 Nc2 23. Bb2 Ne3 24. Bb5 Nxf1 25. Bxe8 Rxe8 26.
Kxf1 Bd3+ 27. Kf2 Re2+ 28. Kg3 Rxb2 29. a4 b5 30. axb5 Rxb5 31. Kf4 a5 32. Ke3
Bg6 33. f4 a4 34. f5 Bxf5 35. gxf5 Rxf5 36. Kd2 a3 37. Kc1 Rb5 38. Kd2 a2 39.
Ke3 a1=Q 40. h4 Qa4 41. h5 Rb3+ 42. Kd2 Qa2+ 43. Kc1 Rb1# 0-1

[Event "DSM WK M 2015"]
[Site "Karlsruhe GER"]
[Date "2015.05.08"]
[Round "1"]
[White "Becker, Nina"]
[Black "Leinemann, Vivien Sophie"]
[Result "0-1"]
[Termination "normal"]
[Board "5.1"]
[WhiteElo "1102"]
[BlackElo "1425"]
[WhiteTeam "Warndt-Gymnasium Völklingen"]
[BlackTeam "Charlotte-Paulsen-Gymnasium Hamburg"]
[PlyCount "120"]
[BlackFideId "16208536"]
[EventCountry "GER"]
[EventRounds "7"]
[EventType "team-swiss"]
[EventDate "2015.05.07"]

1. e4 e6 2. d4 d5 3. e5 c5 4. Nf3 Nc6 5. Be3 Qb6 6. b3 Bd7 7. Be2 cxd4 8. Bxd4
Nxd4 9. Nxd4 Bc5 10. c3 Ne7 11. b4 Bxd4 12. Qxd4 Qxd4 13. cxd4 Nf5 14. O-O Nxd4
15. Bd3 Nc6 16. f4 Nxb4 17. Rf3 Rc8 18. Na3 O-O 19. Rb1 Nxd3 20. Rxd3 Rc7 21.
Rdb3 b6 22. Nb5 Bxb5 23. Rxb5 Rfc8 24. g3 Rc1+ 25. Rxc1 Rxc1+ 26. Kg2 Rc2+ 27.
Kf3 Rxh2 28. a3 Rc2 29. Rb3 f6 30. exf6 gxf6 31. Kg4 Rc4 32. Kh5 d4 33. Rd3
Rc5+ 34. Kg4 Rd5 35. Kf3 e5 36. Ke4 Rc5 37. Kf5 Kf7 38. g4 h6 39. a4 a6 40. Rb3
b5 41. axb5 Rxb5 42. Ra3 a5 43. Rd3 a4 44. Ra3 Ra5 45. Ke4 Ke6 46. f5+ Kd6 47.
Kd3 Kc5 48. Kc2 Kb4 49. Kb2 Rc5 50. Ra1 Rc3 51. Ka2 Ra3+ 52. Kb2 Rxa1 53. Kxa1
Kc3 54. g5 hxg5 55. Ka2 Kc2 56. Ka3 d3 57. Ka2 d2 58. Ka3 d1=Q 59. Ka2 Qb1+ 60.
Ka3 Qb3# 0-1

[Event "DSM WK M 2015"]
[Site "Karlsruhe GER"]
[Date "2015.05.08"]
[Round "1"]
[White "Bohdjalian, Johanna"]
[Black "Syla, Albetina"]
[Result "0-1"]
[Termination "normal"]
[Board "5.3"]
[WhiteElo "800"]
[BlackElo "1096"]
[WhiteTeam "Warndt-Gymnasium Völklingen"]
[BlackTeam "Charlotte-Paulsen-Gymnasium Hamburg"]
[PlyCount "68"]
[EventCountry "GER"]
[EventRounds "7"]
[EventType "team-swiss"]
[EventDate "2015.05.07"]

1. e4 e5 2. Nc3 Nf6 3. Nf3 Nc6 4. Bc4 Bc5 5. d3 d6 6. Bg5 O-O 7. O-O Be6 8. Bb5
h6 9. Bh4 a6 10. Ba4 b5 11. Bb3 Rb8 12. Bxe6 fxe6 13. d4 exd4 14. Ne2 e5 15. c3
dxc3 16. Nxc3 Qd7 17. Qb3+ Qf7 18. Qd1 b4 19. Na4 Rfd8 20. Rc1 Qxa2 21. Nxc5
dxc5 22. Rxc5 Rxd1 23. Rxd1 Rd8 24. Rdc1 Nd4 25. Nd2 Ne2+ 26. Kh1 Nxc1 27. Rxc1
Rxd2 28. h3 Qxb2 29. Rxc7 Qb1+ 30. Kh2 Qxe4 31. Rc8+ Kh7 32. f3 Qe2 33. Bf2
Qxf2 34. Rd8 Qxg2# 0-1

[Event "DSM WK M 2015"]
[Site "Karlsruhe GER"]
[Date "2015.05.08"]
[Round "1"]
[White "Schwarz, Merle"]
[Black "Pitschmann, Lea"]
[Result "0-1"]
[Termination "normal"]
[Board "5.4"]
[WhiteElo "800"]
[BlackElo "800"]
[WhiteTeam "Charlotte-Paulsen-Gymnasium Hamburg"]
[BlackTeam "Warndt-Gymnasium Völklingen"]
[PlyCount "28"]
[EventCountry "GER"]
[EventRounds "7"]
[EventType "team-swiss"]
[EventDate "2015.05.07"]

1. e4 Nc6 2. Nf3 e5 3. Bc4 Bc5 4. d3 Nf6 5. Bg5 h6 6. Nc3 hxg5 7. O-O d6 8.
Nxg5 Be6 9. Bxe6 fxe6 10. Nxe6 Qd7 11. Nxg7+ Kf8 12. -- {f3 (Unmöglicher Zug)}
Qxg7 13. a3 Rg8 14. b4 Qxg2# 0-1

[Event "DSM WK M 2015"]
[Site "Karlsruhe GER"]
[Date "2015.05.08"]
[Round "1"]
[White "Kümmel, Tina"]
[Black "Alcer, Johanna"]
[Result "1-0"]
[Termination "normal"]
[Board "6.1"]
[WhiteElo "1381"]
[BlackElo "1180"]
[WhiteTeam "Ludwigsgymnasium Köthen"]
[BlackTeam "Käthe-Kollwitz-Gymnasium Berlin"]
[PlyCount "99"]
[WhiteFideId "12979368"]
[BlackFideId "12964450"]
[EventCountry "GER"]
[EventRounds "7"]
[EventType "team-swiss"]
[EventDate "2015.05.07"]

1. Nf3 Nc6 2. g3 e5 3. d3 Bc5 4. Bg2 d6 5. O-O Nf6 6. Nbd2 Be6 7. e4 O-O 8. c3
Qd7 9. Qc2 Rfe8 10. Ng5 Bg4 11. a4 a6 12. Ngf3 Bh3 13. Nc4 d5 14. exd5 Nxd5 15.
Re1 Bxg2 16. Kxg2 Qf5 17. Ne3 Nxe3+ 18. Bxe3 e4 19. dxe4 Qh5 20. Bxc5 Qxc5 21.
Rad1 Rad8 22. h4 Qc4 23. Rxd8 Rxd8 24. b3 Qc5 25. Re3 Nd4 26. Qd2 Ne6 27. Rd3
Qe7 28. Nd4 Rd6 29. Nf5 Nf4+ 30. Qxf4 Qe6 31. Nxd6 cxd6 32. Rxd6 Qe7 33. Rd7
Qe8 34. Qc7 Qxe4+ 35. Kf1 Qb1+ 36. Ke2 Qe4+ 37. Kd2 g6 38. Qxb7 Qe6 39. Qb8+
Kg7 40. Qb7 Kf6 41. Qd5 Qe8 42. c4 Qb8 43. Qd6+ Qxd6+ 44. Rxd6+ Ke5 45. c5 f6
46. Rd3 f5 47. c6 Ke4 48. c7 f4 49. c8=Q fxg3 50. Qe6+ 1-0

[Event "DSM WK M 2015"]
[Site "Karlsruhe GER"]
[Date "2015.05.08"]
[Round "1"]
[White "Ludwig, Lea"]
[Black "Wesselly, Luisa"]
[Result "0-1"]
[Termination "normal"]
[Board "6.2"]
[WhiteElo "800"]
[BlackElo "1032"]
[WhiteTeam "Käthe-Kollwitz-Gymnasium Berlin"]
[BlackTeam "Ludwigsgymnasium Köthen"]
[PlyCount "96"]
[WhiteFideId "16217381"]
[BlackFideId "16217187"]
[EventCountry "GER"]
[EventRounds "7"]
[EventType "team-swiss"]
[EventDate "2015.05.07"]

1. d4 d5 2. Nf3 Nc6 3. c3 Bf5 4. e3 a6 5. c4 dxc4 6. Bxc4 e6 7. O-O Qf6 8. Nbd2
Qg6 9. g3 Bg4 10. Qa4 b5 11. Qb3 Na5 12. Qd1 Nxc4 13. Nxc4 bxc4 14. Qa4+ Kd8
15. Qc6 Bxf3 16. Qxf3 Rb8 17. Bd2 Qf5 18. Qc6 Qd5 19. Qxa6 Ra8 20. Qxc4 Qxc4
21. Rfc1 Qb5 22. e4 Bb4 23. Bg5+ Qxg5 24. Rc4 Ba5 25. b4 Bb6 26. a4 Qf6 27. e5
Qf3 28. a5 Ba7 29. Ra2 Rc8 30. Rd2 Qb3 31. Rdc2 Ne7 32. R2c3 Qd1+ 33. Kg2 Bxd4
34. Rc1 Qd2 35. R1c2 Qd3 36. a6 Qe4+ 37. Kf1 c6 38. Rd2 Qb1+ 39. Ke2 Nf5 40.
Rd1 Qe4+ 41. Kd2 Qf3 42. Re1 Qxf2+ 43. Re2 Be3+ 44. Kd3 Qf1 45. Re4 Qd1+ 46.
Kc3 Qc1+ 47. Kb3 Qd1+ 48. Ka3 Qxe2 0-1